Все о Манюне: романы

Chi tiết về thư mục
Tác giả chính: Абгарян Н. Ю. Наринэ Юрьевна
Tóm tắt:У меня была заветная мечта - увидеть себя маленькой. Например, пятилетней. Щекастой, карапузой, с выгоревшими на южном солнце волосами цвета соломы. Я любила разговаривать с гусеницами. Задавала им вопросы и терпеливо ждала ответов. Гусеницы сворачивались калачиком или уползали прочь. Молчали. Мне хотелось увидеть себя десятилетней. Смешной, угловатой, робкой. С длин­ными тонкими косичками по плечам. Папа купил проигрыватель, и мы дни напролет слушали сказки. Ставили виниловую пластинку на подставку, нажима­ли на специальную кнопку; затаив дыхание, аккуратным движением опускали мембрану. И слушали, слушали, слушали. Мне так хотелось увидеть себя маленькой, что я однажды взяла и написала кни­гу о моем детстве. О моей семье и наших друзьях. О родных и близких. О городе, где я родилась. О людях, которые там живут. «Манюня» - то светлое, что я храню в своем сердце. То прекрасное, которым я с радостью поделилась с вами. У меня была заветная мечта - увидеть себя маленькой. Получается, что моя мечта сбылась. Теперь я точно знаю - мечты сбываются. Обязательно сбываются. Нужно просто очень этого хотеть.
Ngôn ngữ:Tiếng Nga
Được phát hành: Москва, АСТ, 2015
Những chủ đề:
Định dạng: MixedMaterials Sách
KOHA link:https://koha.lib.tpu.ru/cgi-bin/koha/opac-detail.pl?biblionumber=305818

MARC

LEADER 00000nam0a2200000 4500
001 305818
005 20231102001833.0
010 |a 9785170824236 
035 |a (RuTPU)RU\TPU\book\331093 
090 |a 305818 
100 |a 20150930d2015 m y0rusy50 ca 
101 0 |a rus 
102 |a RU 
105 |a a z 000ay 
200 1 |a Все о Манюне  |e романы  |f Н. Ю. Абгарян 
210 |a Москва  |c АСТ  |d 2015 
215 |a 862 с.  |c ил. 
330 |a У меня была заветная мечта - увидеть себя маленькой. Например, пятилетней. Щекастой, карапузой, с выгоревшими на южном солнце волосами цвета соломы. Я любила разговаривать с гусеницами. Задавала им вопросы и терпеливо ждала ответов. Гусеницы сворачивались калачиком или уползали прочь. Молчали. Мне хотелось увидеть себя десятилетней. Смешной, угловатой, робкой. С длин­ными тонкими косичками по плечам. Папа купил проигрыватель, и мы дни напролет слушали сказки. Ставили виниловую пластинку на подставку, нажима­ли на специальную кнопку; затаив дыхание, аккуратным движением опускали мембрану. И слушали, слушали, слушали. Мне так хотелось увидеть себя маленькой, что я однажды взяла и написала кни­гу о моем детстве. О моей семье и наших друзьях. О родных и близких. О городе, где я родилась. О людях, которые там живут. «Манюня» - то светлое, что я храню в своем сердце. То прекрасное, которым я с радостью поделилась с вами. У меня была заветная мечта - увидеть себя маленькой. Получается, что моя мечта сбылась. Теперь я точно знаю - мечты сбываются. Обязательно сбываются. Нужно просто очень этого хотеть. 
606 1 |a Русская литература современная  |2 stltpush  |3 (RuTPU)RU\TPU\subj\26373  |9 50316 
610 1 |a романы 
610 1 |a проза 
610 1 |a женская проза 
675 |a Р2  |v 4 
700 1 |a Абгарян  |b Н. Ю.  |c российская писательница армянского происхождения, член попечительского совета благотворительного фонда «Созидание»  |f 1971-  |g Наринэ Юрьевна  |2 stltpush  |3 (RuTPU)RU\TPU\pers\40402  |9 21303 
801 1 |a RU  |b 63413507  |c 20150930 
801 2 |a RU  |b 63413507  |c 20180322  |g RCR 
942 |c BK 
959 |a 122/20150924  |d 1  |e 646,00  |f ХФ:1